Statistics for Super Heroes by Descriptions

Click here to take the quiz!

General Stats

  • This quiz has been taken 30 times
  • The average score is 12 of 18

Answer Stats

HintAnswer% Correct
Born on the planet Krypton and given the name Kal-El at birth.Superman
100%
An orphan raised by his Aunt May and Uncle Ben in New York City after his parents Richard and Mary Parker were killed in a plane crash.Spider Man
90%
The alter ego of Dr. Robert Bruce Banner, a physically weak, socially withdrawn and emotionally reserved physicist.The Hulk
90%
Wealthy American playboy/philanthropist who witnesses the murder of his parents as a child and swears vengeance against criminals.Batman
86%
The alter ego of Steve Rogers, a frail young man, who is enhanced to the peak of human perfection by an experimental serum.Captain America
86%
He possesses the enchanted hammer, Mjolnir, which grants him the ability to fly and manipulate weather.Thor
86%
Her homeland is the island nation of Themyscira.Wonder Woman
83%
His superpower is super speed.The Flash
79%
The King of Atlantis.Aquaman
76%
A chief weapons manufacturer for the U.S. military, until he has a change of heart and redirects his technical knowledge into fighting for world peace.Iron Man
69%
In a childhood accident, he is blinded by a radioactive substance that falls from an out-of-control truck. This gives him special abilities.Daredevil
62%
Alter ego of Oliver Jonas Queen, a wealthy businessman who dresses like Robin Hood.The Green Arrow
62%
He saves lives with the aid of a ring that grants him a variety of extraordinary powers.The Green Lantern
62%
A mutant who possesses animal-keen senses, enhanced physical capabilities and powerful regenerative abilities.Wolverine
62%
Uses the catch phrase "Flame On!".The Human Torch
59%
His abilities are enhanced by drinking the essence of the heart-shaped herb.Black Panther
48%
The first black superhero to be featured as the protagonist and title character of a comic book.Luke Cage
24%
A former superhero who becomes the owner (and usually sole employee) of Alias Private Investigations.Jessica Jones
21%

Score Distribution

Percentile by Number Answered

Percent of People with Each Score

Your Score History

You have not taken this quiz